The Oxford-Duden german dictionary : German-English/English-German

Αποθηκεύτηκε σε:
Λεπτομέρειες βιβλιογραφικής εγγραφής
Συλλογικό Έργο: Dudenredaktion (Bibliographisches Institut), Oxford University Press Dictionary Dept. German Section
Άλλοι συγγραφείς: Sykes, J. B. (John Bradbury) (Επιμελητής έκδοσης), Scholze-Stubenrecht, Werner (Επιμελητής έκδοσης)
Μορφή: Βιβλίο
Γλώσσα:English
German
Δημοσίευση: Oxford : Oxford University Press, c1997
Έκδοση:Rev. ed.
Θέματα:
Ετικέτες: Προσθήκη ετικέτας
Δεν υπάρχουν, Καταχωρήστε ετικέτα πρώτοι!

MARC

LEADER 00000nam a2200000 i 4500
001 1/79677
008 990506s1997 eng d
020 |a 0-19-864141-9 
035 |l 10050443 
040 |a GR-MY-UA  |b gre  |e aacr 
041 0 |a eng  |a ger 
082 0 |a 433.21 
245 1 4 |a The Oxford-Duden german dictionary :  |b German-English/English-German /  |c edited by the Dudenredaktion and the German Section of the Oxford University Press Dictionary Department ; chief editors W. Scholze-Stubenrecht, J. B. Sykes 
250 |a Rev. ed. 
260 |a Oxford :   |b Oxford University Press,   |c c1997 
300 |a 1712 σ.;  |c 27 εκ. 
650 0 0 |a German language  |x Dictionaries  |x English. 
650 0 0 |a English language  |x Dictionaries  |x German. 
700 1 |a Sykes, J. B.  |q (John Bradbury)  |4 edt 
700 1 |a Scholze-Stubenrecht, Werner.  |4 edt 
710 2 |a Dudenredaktion (Bibliographisches Institut) 
710 2 |a Oxford University Press  |b Dictionary Dept.  |b German Section. 
852 |a INST  |b LESVOS  |e 19990506  |h 433.21 OXF  |p 005100016198  |q 005100016198  |t REF  |y 23 
901 |a BIBL1-1999-2 
909 |a Λ  |b 062356 
922 |a 1ΕΛΗ  |b 199812  |c ΚΠΣ/ΚΥΒ  |d LEADER 
950 |a 023-1998-09-14